Spy catcher : (Record no. 551760)

000 -LEADER
fixed length control field 00778cam a2200217 a 4500
020 ## - INTERNATIONAL STANDARD BOOK NUMBER
International Standard Book Number 0670820555
082 ## - DEWEY DECIMAL CLASSIFICATION NUMBER
Classification number 923.5
Author Mark WRI
-- L-30-II, P-210
100 1# - MAIN ENTRY--PERSONAL NAME
Personal name Wright, Peter.
9 (RLIN) 46169
245 10 - TITLE STATEMENT
Title Spy catcher :
Remainder of title the candid autobiography of a senior intelligence officer /
Statement of responsibility, etc. Peter Wright.
260 ## - PUBLICATION, DISTRIBUTION, ETC.
Place of publication, distribution, etc. New York, N.Y. :
Name of publisher, distributor, etc. Viking,
Date of publication, distribution, etc. c1987.
300 ## - PHYSICAL DESCRIPTION
Extent 392 p., [8] p. of plates :
Other physical details ports. ;
Dimensions 24 cm.
500 ## - GENERAL NOTE
General note Half title: Spycatcher.
500 ## - GENERAL NOTE
General note Includes index.
526 ## - STUDY PROGRAM INFORMATION NOTE
Program name 0
Interest level 0
Reading level 0
Title point value 355_343209200000000_WRI
526 ## - STUDY PROGRAM INFORMATION NOTE
Program name 0
Interest level 0
Reading level 0
Title point value 923_500000000000000_WRI
526 ## - STUDY PROGRAM INFORMATION NOTE
Program name 0
Interest level 0
Reading level 0
Title point value 923_500000000000000_WRI
650 #0 - SUBJECT ADDED ENTRY--TOPICAL TERM
Topical term or geographic name entry element Intelligence officers
Geographic subdivision Great Britain
9 (RLIN) 46170
650 #0 - SUBJECT ADDED ENTRY--TOPICAL TERM
Topical term or geographic name entry element Intelligence service
Geographic subdivision Great Britain
General subdivision History
9 (RLIN) 48899
650 #0 - SUBJECT ADDED ENTRY--TOPICAL TERM
Topical term or geographic name entry element MCE
9 (RLIN) 379
942 ## - ADDED ENTRY ELEMENTS (KOHA)
Source of classification or shelving scheme
Koha item type Book
Holdings
Withdrawn status Lost status Source of classification or shelving scheme Damaged status Not for loan Permanent Location Current Location Date acquired Total Checkouts Full call number Barcode Date last seen Price effective from Koha item type
          Military College of Engineering (MCE) Military College of Engineering (MCE) 12/29/2014   355.3432092 WRI MCE-26434 12/29/2014 03/14/2021 Book
          Military College of Engineering (MCE) Military College of Engineering (MCE) 12/29/2014   923.5 WRI MCE-26426 12/29/2014 12/29/2014 Book
          Military College of Engineering (MCE) Military College of Engineering (MCE) 12/29/2014   923.5 WRI MCE-26425 12/29/2014 12/29/2014 Book
© 2023 Central Library, National University of Sciences and Technology. All Rights Reserved.